Statistics for Top 50 Premier League Goalscorers

Click here to take the quiz!

General Stats

  • This quiz has been taken 70 times
    (31 since last reset)
  • The average score is 36 of 50

Answer Stats

RankingNationalityClubs Scored ForNumber of GoalsPlayer% Correct
2EnglishEverton and Manchester United208Wayne Rooney
100%
1EnglishSouthampton, Blackburn Rovers and Newcastle United260Alan Shearer
96%
11EnglishTottenham Hotspur148Harry Kane
96%
19BelgianWest Bromwich Albion, Everton and Manchester United113Romelu Lukaku
96%
4ArgentineManchester City180Sergio Agüero
96%
6FrenchArsenal175Thierry Henry
96%
3EnglishNewcastle, Manchester United, Blackburn Rovers, Fulham, Manchester City and Portsmouth187Andy Cole
92%
33BulgarianTottenham Hotspur, Manchester United and Fulham94Dimitar Berbatov
92%
17Trinidad and TobagoAston Villa, Manchester United, Blackburn Rovers, Birmingham City and Sunderland123Dwight Yorke
92%
5EnglishWest Ham, Chelsea and Manchester City177Frank Lampard
92%
9EnglishLiverpool, Newcastle United, Manchester United and Stoke City150Michael Owen
92%
15IrishCoventry City, Leeds United, Tottenham Hotspur, Liverpool, West Ham United, Aston Villa126Robbie Keane
92%
13DutchArsenal and Manchester United144Robin Van Persie
92%
23WelshManchester United109Ryan Giggs
92%
41DutchArsenal87Dennis Bergkamp
88%
28IvorianChelsea104Didier Drogba
88%
32DutchManchester United95Ruud Van Nistelrooy
88%
47PortugueseManchester United84Cristiano Ronaldo
83%
43BelgianChelsea85Eden Hazard
83%
45SpanishLiverpool and Chelsea85Fernando Torres
83%
8EnglishWest Ham United, Tottenham Hotspur, Portsmouth, Sunderland and Bournemouth162Jermain Defoe
83%
36NorwegianManchester United91Ole Gunnar Solskjaer
83%
25EnglishAston Villa, Southampton, Liverpool, Portsmouth, Tottenham Hostpur and Stoke City108Peter Crouch
83%
38SenegaleseSouthampton and Liverpool88Sadio Mané
83%
18EnglishLiverpool120Steven Gerrard
83%
46ArgentineWest Ham United, Manchester United and Manchester City84Carlos Tevez
79%
30TogoleseArsenal, Manchester City, Tottenham Hotspur and Crystal Palace97Emmanuel Adebayor
79%
20EnglishArsenal and West Ham United113Ian Wright
79%
24EnglishLeicester City108Jamie Vardy
79%
16FrenchArsenal, Liverpool, Manchester City, Bolton Wanderers, Chelsea, West Bromwich Albion125Nicolas Anelka
79%
14DutchLeeds United, Chelsea, Middlesbrough and Charlton128Jimmy Floyd Hasselbaink
75%
26EnglishManchester United107Paul Scholes
75%
7EnglishLiverpool, Leeds United and Manchester City163Robbie Fowler
75%
10EnglishQPR, Newcastle United, Tottenham Hotspur, West Ham United, Leicester City and Bolton Wanderers149Les Ferdinand
71%
12EnglishNottingham Forest, Tottenham Hotspur, Manchester United, Portsmouth and West Ham United147Teddy Sheringham
71%
29EnglishSouthampton101Matt Le Tissier
67%
27EnglishIpswich Town, Charlton Athletic, Tottenham Hotspur, Sunderland, Aston Villa and Fulham106Darren Bent
58%
21EnglishManchester United, Coventry City and Aston Villa111Dion Dublin
50%
22EnglishLeicester City, Liverpool, Birmingham City, Wigan Athletic and Aston Villa110Emile Heskey
50%
44FrenchNewcastle United, Fulham, Manchester United, Everton and Tottenham Hotspur85Louis Saha
50%
35AustralianLeeds United, Middlesbrough and Newcastle United92Mark Viduka
50%
50WelshCoventry City, Newcastle United, Blackburn Rovers, Liverpool, West Ham United, Manchester City and Cardiff City81Craig Bellamy
46%
34EnglishSunderland, Southampton, Aston Villa and Birmingham City92Kevin Phillips
46%
42FrenchArsenal and Chelsea86Olivier Giroud
46%
31NigerianPortsmouth, Middlesbrough, Everton and Blackburn Rovers95Yakubu
46%
48EnglishNorwich City, Blackburn Rovers, Chelsea, Birmingham City and Aston Villa83Chris Sutton
42%
38EnglishSouthampton, Blackburn Rovers and Bolton Wanderers88Kevin Davies
33%
48EnglishArsenal, Nottingham Forest, Everton and West Bromwich Albion83Kevin Campbell
21%
37EnglishSouthampton, Everton and Stoke City91James Beattie
17%
38EnglishLiverpool and Manchester City88Raheem Stering
0%

Score Distribution

Percentile by Number Answered

Percent of People with Each Score

Your Score History

You have not taken this quiz since the last reset